|
|
|
|
| LEADER |
01508cam a2200325 a 4500 |
| 001 |
AAL4079 |
| 003 |
BD-DhAAL |
| 005 |
20161004140544.0 |
| 008 |
000718s1999 bg a b 001 0 beno |
| 010 |
|
|
|a 99953563
|
| 020 |
|
|
|a 9843108388
|
| 037 |
|
|
|b Library of Congress -- New Delhi Field OfficeTk800.00 ($20.00 U.S.)
|
| 040 |
|
|
|a DLC
|c DLC
|d DLC
|d BD-DhAAL
|
| 050 |
0 |
0 |
|a NB1912.B83
|b S86 1999
|
| 082 |
|
|
|a 730.95492/12
|
| 100 |
0 |
|
|a সুনীথানন্দ, ভিক্ষু
|9 20530
|
| 245 |
1 |
0 |
|a বাংলাদেশের বৌদ্ধ ভাস্কর্য :
|b খ্রিষ্টীয় ৪র্থ হতে ১২শ শতক /
|c ভিক্ষু সুনীথানন্দ
|
| 260 |
|
|
|a ঢাকা :
|b এশিয়াটিক সোসাইটি অব বাংলাদেশ,
|c ১৯৯৯
|
| 300 |
|
|
|a ৩২৮ পৃ. :
|b চিত্র ;
|c ২২ সে.মি.
|
| 504 |
|
|
|a Includes bibliographical references (p. [309]-320) and index.
|
| 520 |
|
|
|a On the Buddhist sculptures of Bangladesh.
|
| 541 |
|
|
|e 4079
|
| 546 |
|
|
|a In Bengali.
|
| 650 |
|
0 |
|a Buddhist sculpture
|z Bangladesh.
|9 20531
|
| 650 |
|
0 |
|a Buddhist gods, in art.
|9 20532
|
| 710 |
2 |
|
|a Asiatic Society of Bangladesh.
|9 20533
|
| 852 |
|
|
|a Savar Campus Library
|c General Stacks
|
| 942 |
|
|
|2 ddc
|c BK
|
| 999 |
|
|
|c 37851
|d 37851
|
| 952 |
|
|
|0 0
|1 0
|2 ddc
|4 0
|6 730_954920000000000_12_SUN
|7 0
|9 59687
|a SCL
|b SCL
|c GEN
|d 2016-10-04
|g 800.00
|l 0
|o 730.9549212 SUN
|p 3020004079
|r 2020-02-11
|t 1
|w 2016-10-04
|y BK
|